000
00307 a2200145 4500
001
61357
020
_a
9783126757515
040
_c
Anchieta - Pituba
240
1
0
_a
Wir
_l
por
245
1
0
_a
Wir
300
_a
95
362
0
_a
2012
650
4
_a
Línguas germânicas (teutônicas) língua alemã
942
_c
BK
999
_c
61357
_d
61357